AA proteícos comunes - Estadísticas

Estadísticas generales
  • Esta prueba ha sido intentada 29 veces
  • La puntuación promedio es 10 de 20
Estadísticas de respuestas
Típo Respuesta % Correcto
Básicos Polares arginina
75%
Apolar glicina
75%
Apolar leucina
75%
Básicos Polares lisina
75%
Apolar metionina
75%
Apolar prolina
75%
Apolar triptofano
75%
Ácidos Polares acido aspartico
50%
Ácidos Polares acido glutamico
50%
Apolar alanina
50%
Básicos Polares histidina
50%
Apolar isoleucina
50%
Polar sin carga tirosina
50%
Polar sin carga treonina
50%
Apolar valina
50%
Polar sin carga asparagina
25%
Polar sin carga cisteina
25%
Polar sin carga glutamico
25%
Polar sin carga serina
25%
Apolar fenilanina
0%
No se encontraron pruebas coincidentes
Distribución de puntuación
Porcentaje de gente con cada puntuación
Porcentaje por número respondido
Historial de tus puntuaciones
No has intentado esta prueba.